Vista normal
Vista MARC
Entrada Materia (personas)
Número de registros utilizados en: 3
001 - CONTROL NUMBER
- control field: 158149
003 - CONTROL NUMBER IDENTIFIER
- control field: Co-BoUCM
005 - DATE AND TIME OF LATEST TRANSACTION
- control field: 20211110115932.0
008 - FIXED-LENGTH DATA ELEMENTS
- fixed length control field: 211110|| aca||aabn | a|a d
040 ## - CATALOGING SOURCE
- Original cataloging agency: Co-BoUCM
- Transcribing agency: Co-BoUCM
100 ## - HEADING--PERSONAL NAME
- Personal name: Álvarez Klein, Beatriz
670 ## - SOURCE DATA FOUND
- Source citation: Work cat.: (Co-BoUCM)31616: Bonin, Werner F. 158148, Diccionario de los grandes psicólogos de las ciencias del espíritu a las ciencias de la conducta, 1991